[Event "Schweinfurt op 29th"]
[Site "Schweinfurt"]
[Date "2019.06.20"]
[Round "2"]
[White "Lee, Kwan Ho Matthew"]
[Black "Langguth, Rolf"]
[Result "1/2-1/2"]
[WhiteElo "1553"]
[BlackElo "1927"]
[PlyCount "29"]
[EventDate "2019.06.20"]
[EventType "swiss"]
[EventRounds "7"]
[EventCountry "GER"]
[SourceTitle "CBM 191 Extra"]
[Source "ChessBase"]
[SourceDate "2019.09.30"]
[SourceVersion "1"]
[SourceVersionDate "2019.09.30"]
[SourceQuality "1"]

1. d4 Nf6 2. Nf3 c5 3. d5 d6 4. c4 e6 5. Nc3 Be7 6. e4 e5 7. Be2 Bd7 8. 0-0 0-0 9. Ne1 Ne8 10. f4 f5 11. fxe5 dxe5 12. Nd3 Bd6 13. a4 f4 14. Qb3 b6 15. a5 1/2-1/2

[Event "Schweinfurt op 26th"]
[Site "Schweinfurt"]
[Date "2016.05.26"]
[Round "2"]
[White "Grosshans, Ralf Michael"]
[Black "Langguth, Rolf"]
[Result "1-0"]
[WhiteElo "2192"]
[BlackElo "1921"]
[PlyCount "95"]
[EventDate "2016.05.26"]
[EventType "swiss"]
[EventRounds "7"]
[EventCountry "GER"]
[SourceTitle "CBM 172 Extra"]
[Source "ChessBase"]
[SourceDate "2016.06.21"]
[SourceVersion "1"]
[SourceVersionDate "2016.06.21"]
[SourceQuality "1"]

1. e4 c5 2. Nc3 Nc6 3. f4 d6 4. Bc4 e6 5. Nf3 a6 6. a3 b5 7. Ba2 Nd4 8. 0-0 Nxf3+ 9. Qxf3 Bb7 10. f5 e5 11. d3 Nf6 12. Bg5 Be7 13. Bxf6 Bxf6 14. Bd5 Ra7 15. Bxb7 Rxb7 16. Nd5 0-0 17. b4 Bg5 18. c3 f6 19. Qf2 Qc8 20. h4 Bh6 21. g4 Kh8 22. Qg3 Bf4 23. Qg2 c4 24. Qe2 cxd3 25. Qxd3 Qc6 26. Rad1 Rd7 27. Rf3 Rb8 28. Kg2 Rc8 29. Kh3 Rb8 30. Rg1 Rf7 31. Rd1 Rd7 32. Kg2 Rc8 33. Kf2 Ra8 34. Nxf4 exf4 35. Qd5 Qb6+ 36. Qd4 Qc7 37. g5 fxg5 38. hxg5 Rad8 39. Rh1 d5 40. e5 Qc4 41. Rxf4 Qxd4+ 42. cxd4 Rc7 43. Re1 Kg8 44. Re3 Rc2+ 45. Kg3 Rdc8 46. e6 Kf8 47. f6 g6 48. Re5 1-0